[Event "3rd Mersin Open 2018"]
[Site "Mersin"]
[Date "2018.09.09"]
[Round "1.1"]
[White "Yasin, Hur"]
[Black "Tarlev, Konstantin"]
[Result "0-1"]
[WhiteElo "2044"]
[BlackElo "2564"]
[Annotator "TA"]
[PlyCount "90"]
[EventDate "2018.09.09"]
[EventType "swiss"]
[EventCountry "TUR"]
[SourceTitle "playchess.com"]
[Source "ChessBase"]
[SourceQuality "1"]

{[%evp 17,90,17,29,-22,-14,-29,-7,-21,-20,-35,-34,-70,-44,-50,-52,-52,-44,-44,-25,-45,-40,-67,-70,-73,-55,-57,-75,-66,-68,-79,-81,-82,-76,-122,-69,-269,-275,-270,-259,-248,-233,-241,-201,-598,-582,-645,-638,-614,-600,-725,-733,-726,-650,-1054,-1031,-1103,-1111,-1083,-1106,-1060,-1067,-1034,-920,-1032,-1036,-1050,-1047,-3314,-2947,-4702,-4702,-29981,-29982,-29982,-29983]} 1. e4 c5 2. Nf3 e6 3. d4 cxd4 4. Nxd4 Nc6 5. Nc3 Qc7 6. Be2 Nf6 7. Be3 a6 8. a3 Be7 9. f4 d6 {LiveBook: 179 Partien. B48: Sizilianisch (Paulsen-Variante)} 10. Nxc6 (10. O-O $142) (10. g4 d5 11. e5 Nd7 12. g5 Bc5 13. Qd2 Nxd4 14. Bxd4 Bxd4 15. Qxd4 Qb6 16. O-O-O Qxd4 17. Rxd4 {0-1 (62) Bologan,V (2610)-Jakovenko,D (2735) Poikovsky 2018}) 10... bxc6 $11 11. Bf3 O-O {Schwarz hat minimalen Vorteil.} 12. O-O Bb7 $146 ({Vorgänger:} 12... Rb8 13. Rb1 Bd7 14. Qe1 Rb7 15. Qg3 Rfb8 16. e5 Nd5 17. Bd4 Bf8 18. exd6 Qxd6 19. Ne4 Qc7 {1-0 (44) Weinitschke,G-Engel,B DDR 1973}) 13. Na4 c5 14. Nc3 Rad8 (14... d5 $5 15. e5 Nd7 $11) 15. Qe1 d5 {[%cal Bd6d5,Bd5d4][%mdl 32] Droht stark ...d4.} 16. e5 Nd7 17. Bf2 Rfe8 18. Bg3 Nb6 19. a4 d4 $36 {[%mdl 2048] Schwarz drückt.} 20. a5 Nd5 21. Nxd5 Bxd5 22. Bxd5 Rxd5 23. f5 exf5 24. Rxf5 Qd7 25. Qe4 {[#]} c4 (25... g6 $1 $17 {[%cal Rg6f5]} 26. Rf3 c4) 26. Rxf7 $2 (26. Raf1 $15) 26... Kxf7 $19 27. Qxh7 {[#] Und Tf1+ würde nun gewinnen.} Rf8 $1 ({Nicht} 27... Qg4 28. Rf1+ Ke6 29. Rf4 $11) 28. Rf1+ Ke8 29. Qg6+ Kd8 {Droht ...Txf1+ und aus.} 30. Rxf8+ $2 (30. Qb6+ {nur so!} Qc7 31. Rxf8+ Bxf8 32. Bh4+ Kc8 33. Qe6+ Rd7 34. Qe8+ Rd8 35. Bxd8 Qxd8 36. Qf7) 30... Bxf8 31. e6 Qe7 32. Qe4 Qc5 {Weiss muss nun ...d3+ beachten.} 33. Bh4+ Be7 {( -> ...d3+)} 34. Bf2 Bf6 35. c3 Qxa5 36. e7+ Bxe7 37. Bxd4 Qa1+ 38. Kf2 Qxb2+ 39. Kg3 Qb8+ 40. Kf3 Qd6 41. g3 Bf6 42. Bb6+ Kd7 43. Qxc4 Qc6 44. Qg4+ Rf5+ 45. Ke2 Qe6+ {Precision: Weiß = 27%, Schwarz = 68%.} 0-1

[Event "3rd Mersin Open 2018"]
[Site "Mersin"]
[Date "2018.09.09"]
[Round "1.2"]
[White "Rasulov, Vugar"]
[Black "Gokbulut, Julia"]
[Result "1-0"]
[WhiteElo "2527"]
[BlackElo "2067"]
[Annotator "TA"]
[PlyCount "85"]
[EventDate "2018.09.09"]
[EventType "swiss"]
[EventCountry "TUR"]
[SourceTitle "playchess.com"]
[Source "ChessBase"]
[SourceQuality "1"]

{[%evp 26,85,14,8,57,61,50,69,118,100,110,104,125,101,99,114,106,95,85,96,108,100,112,90,142,156,234,247,412,393,367,238,300,339,410,415,419,416,511,503,493,489,535,506,571,567,563,547,1008,994,994,987,12835,12835,12831,6038,12830,1274,2825,2446,985,982]} 1. d4 Nf6 2. c4 e6 3. Nf3 d5 4. Nc3 Nbd7 5. Bg5 Be7 6. e3 O-O 7. Qc2 c6 8. cxd5 exd5 9. Bd3 Re8 10. O-O Nf8 11. Rab1 a5 12. a3 Ng6 13. b4 axb4 14. axb4 {LiveBook: 23 Games} Nh5 {D36: Queen's Gambit Declined: Exchange Variation: Main line (5 Bg5 c6 6 Qc2)} (14... Bd6 15. b5 h6 16. Bxf6 Qxf6 17. bxc6 bxc6 18. h3 Bxh3 19. Bxg6 fxg6 20. gxh3 Qxf3 21. Qxg6 Rad8 22. Rb7 Re7 23. Rxe7 Bxe7 {½-½ (33) Standke,W (2513)-Bures,J (2470) ICCF email 2012}) 15. Bxe7 Qxe7 16. b5 Be6 $146 {White is slightly better.} ({Predecessor:} 16... Qf6 17. bxc6 bxc6 {½-½ (17) Aliev,R (2299)-Abbasov,F (2290) Abu Dhabi 1999}) 17. bxc6 bxc6 18. Na4 Qd6 19. Nc5 Bg4 20. Nd2 Nf6 21. Rfc1 Ne7 22. h3 Bc8 23. Nf3 g6 24. Ra1 Rb8 (24... Be6 $142) 25. Ra7 Rb6 (25... Nd7 $16 26. Qc3 h6) 26. Ne5 $18 Qb8 $2 {[#]} (26... Be6 27. Rb1 Rxb1+ 28. Qxb1 Rb8) 27. Rca1 Qd6 28. Qc3 Kg7 29. Qa5 Rb8 30. Qc7 Qxc7 31. Rxc7 Rb6 32. Raa7 {White is clearly winning.} Nfg8 33. g4 h5 34. Kg2 hxg4 35. hxg4 g5 36. Kg3 Be6 37. Nxe6+ fxe6 38. Bg6 Rf8 39. Rxe7+ Nxe7 40. Rxe7+ Kf6 41. Rc7 (41. Rh7 $142 Rbb8 42. Bh5) 41... Rbb8 42. Bd3 Rbc8 43. Rh7 {Precision: White = 77%, Black = 23%.} 1-0

[Event "3rd Mersin Open 2018"]
[Site "Mersin"]
[Date "2018.09.09"]
[Round "1.3"]
[White "Yerden, Huseyin Eren"]
[Black "Annaberdiev, Meilis"]
[Result "1/2-1/2"]
[WhiteElo "2083"]
[BlackElo "2514"]
[Annotator "TA"]
[PlyCount "123"]
[EventDate "2018.09.09"]
[EventType "swiss"]
[EventCountry "TUR"]
[SourceTitle "playchess.com"]
[Source "ChessBase"]
[SourceQuality "1"]

{[%evp 9,123,35,57,36,44,11,20,14,16,0,71,92,98,74,81,81,65,77,103,4,22,18,40,-9,25,0,0,0,7,8,19,18,30,7,6,3,35,16,22,13,12,0,43,40,42,9,9,0,27,0,0,-42,0,0,0,-12,-14,-54,-44,-46,0,0,0,0,0,0,0,0,0,0,0,0,0,0,34,70,113,113,199,0,299,0,0,0,0,0,0,0,0,0,0,0,0,0,0,0,0,0,0,0,0,0,405,401,628,387,331,0,610,0,334,0,605,621,601,539]} 1. d4 Nf6 2. c4 c5 3. d5 b5 4. Nd2 d6 5. e4 b4 6. Bd3 {A57: Benko/Volga Gambit} g6 7. b3 Bg7 {Hoping for ...Nxd5!} 8. Bb2 {The position is equal.} O-O 9. Ngf3 Nxd5 $146 (9... Re8 $11 {remains equal.}) ({Predecessor:} 9... e5 10. O-O Nh5 11. g3 Bg4 12. Be2 Bh3 13. Re1 a5 14. a4 Ra7 {1-0 (63) Kryakvin,D (2586)-Dobrov,V (2524) Taganrog 2013}) 10. Bxg7 $16 Nf4 11. Bh6 $1 {[%cal Rh6f4]} Nxd3+ 12. Ke2 Ne5 13. Bxf8 Kxf8 14. h3 (14. Nxe5 $16 dxe5 15. Nf3) 14... Nbc6 15. Re1 a5 {[%cal Ba7a5,Ba5a4][%mdl 32]} 16. Kf1 a4 (16... Nd3 $5 {[%cal Rd3e1]}) 17. Kg1 a3 18. Qe2 Nxf3+ 19. Nxf3 {Black must now prevent e5.} e5 20. Rad1 Ra7 {[%cal Ba8a7,Ba7d7,Bd7d8,Bd8e8,Be8e6][%mdl 32]} 21. Qe3 (21. Qd2 $5 {[%cal Rd2d6]} Nd4 22. Nxd4 (22. Qh6+ Kg8 $14) 22... exd4 23. Qf4 $14) 21... Kg7 22. Rd2 Be6 23. Red1 Rd7 24. Ng5 Nd4 25. f4 Qe7 (25... Qf6 $5 {[%cal Re5f4]}) 26. Nf3 f6 27. Kh1 Rd8 28. Re1 (28. g4 {looks sharper.} Bd7 29. f5 Rg8 30. Rf2 Bc6 31. Kh2) 28... Re8 (28... Bd7 {with more complications.} 29. Qf2 Re8 30. Qg3 Kh8 31. Kg1 Bc6) 29. Nxd4 (29. f5 {seems wilder.} Bd7 30. g4 Bc6 31. Kh2 Rf8 32. Rf2) 29... exd4 30. Qf3 Qb7 {[%mdl 1024] Black has compensation.} 31. Rde2 Bd7 32. Qd3 Bc6 33. Kg1 Re6 34. h4 Qf7 35. h5 Kf8 36. hxg6 hxg6 37. Qg3 Ke8 38. f5 gxf5 39. exf5 {White wants to mate with Qxd6.} Re5 $1 40. Qh3 Kd7 41. Qh8 Kc7 42. Rxe5 dxe5 $14 {[%mdl 4096] Endgame [#] KQR-KQB} 43. Kf2 $1 {Strongly threatening Rh1.} Bd7 {[#]} (43... Qe8 $16 44. Qxe8 (44. Qxf6 e4 $14) 44... Bxe8) 44. Qa8 $2 (44. Rh1 $1 $18 {[%cal Rh1h7]} Qe7 45. Rh6 Bxf5 46. Rxf6) 44... Qh7 $2 {[%mdl 8192]} (44... Qg7 $1 $11 {and Black stays safe.}) 45. Qa5+ $2 ({White has to play} 45. Qa7+ $18 Kd6 46. Qb6+ Ke7 47. Qxc5+ Kf7 48. Qd5+ (48. Qxb4 Qh4+ 49. Kg1 Bxf5 $16) 48... Ke7 49. Qxd4) 45... Kb7 $1 $11 46. Qxc5 {Threatens to win with Kg1.} Qh4+ 47. Kf1 Qh1+ 48. Kf2 Qh4+ 49. Kf1 Qh1+ 50. Kf2 Qh4+ 51. Kf1 Qf4+ 52. Kg1 Qd2 53. Rf1 Bc6 {[%csl Gc6][%cal Rd2g2]} 54. Rf2 Qc1+ 55. Rf1 Qc3 $2 {[%mdl 8192]} (55... Qe3+ $11 56. Rf2 Qe1+ 57. Rf1 Qd2) 56. Qe7+ $18 Kb6 (56... Kb8 $142 57. Qxf6 Qe3+ 58. Kh2 Qe2) 57. Qd8+ Kb7 58. Qe7+ $2 (58. Qxf6 Qe3+ 59. Kh2) 58... Kb6 59. Qd8+ Kb7 60. Qe7+ $2 (60. Qxf6 Qe3+ 61. Kh2) 60... Kb6 61. Qxf6 Qe3+ 62. Kh2 {[%mdl 32768] Precision: White = 50%, Black = 50%. . An unexpected result.} 1/2-1/2

[Event "3rd Mersin Open 2018"]
[Site "Mersin"]
[Date "2018.09.09"]
[Round "1.4"]
[White "Iskandarov, Misratdin"]
[Black "Gulsoy, Mustafa Alpago"]
[Result "1-0"]
[WhiteElo "2482"]
[BlackElo "2061"]
[Annotator "TA"]
[PlyCount "92"]
[EventDate "2018.09.09"]
[EventType "swiss"]
[EventCountry "TUR"]
[SourceTitle "playchess.com"]
[Source "ChessBase"]
[SourceQuality "1"]

{[%evp 9,92,57,63,62,82,65,62,61,84,83,83,85,80,76,74,72,66,80,83,73,128,89,143,70,221,203,200,204,202,208,206,188,241,215,268,256,235,216,283,275,293,280,311,312,317,311,318,306,395,400,376,383,387,380,434,433,485,481,494,462,557,558,814,761,1577,1586,1588,1403,2192,2475,2084,1337,2788,2386,4775,2762,2586,-52,29989,1135,972,805,29989,5322,1775]} 1. d4 Nf6 2. c4 b6 3. Nc3 Bb7 4. f3 d6 (4... d5 5. cxd5 Nxd5 6. e4 Nxc3 7. bxc3 e5 8. Be3 Be7 9. dxe5 Nd7 10. Qa4 c6 11. Rd1 b5 12. Qb3 Qa5 13. f4 O-O-O 14. Nf3 Nc5 15. Bxc5 Bxc5 {0-1 (58) Ju,W (2583)-Li,C (2720) Beijing 2017}) 5. e4 Nbd7 {LiveBook: 5 Games} 6. Nge2 {A50: Queen's Fianchetto Defence (1 d4 Nf6 2 c4 b6)} g6 $146 ({Predecessor:} 6... c5 7. d5 g6 8. Be3 Bg7 9. Qc2 a6 10. Ng3 Qc7 11. O-O-O h5 12. Be2 {½-½ (45) Lintchevski,D (2564)-Ivanov,S (2309) Plovdiv 2012}) 7. Bg5 c5 8. Qd2 {White is slightly better.} cxd4 9. Nxd4 h6 {[#]} 10. Be3 $1 Rc8 11. Nd5 Bg7 12. Be2 a6 13. O-O e6 14. Nxf6+ Nxf6 (14... Bxf6 $142 15. Nb3 g5) 15. Rfd1 Qc7 ({Black should try} 15... g5) 16. Nb3 (16. b4 $16) 16... Bf8 $2 (16... Nd7 $14) 17. Qd4 Be7 18. Qxb6 Qxb6 19. Bxb6 O-O 20. Be3 Kh7 (20... d5 {was necessary.} 21. Bxh6 Rfe8) 21. Rac1 Rfd8 22. c5 dxc5 23. Rxd8 (23. Bxc5 $6 Rxd1+ 24. Bxd1 Bd8 $16) 23... Rxd8 24. Nxc5 ({Much less strong is} 24. Bxc5 Bxc5+ 25. Rxc5 (25. Nxc5 Rd2 $18) 25... Bc8 $18) 24... Bxc5 25. Rxc5 ({Don't do} 25. Bxc5 g5 $18) 25... Rc8 26. Rxc8 Bxc8 $18 {[%mdl 4096] Endgame KBB-KBN} 27. b4 Nd7 28. a4 {[%cal Ba2a4,Ba4a5][%mdl 32]} Bb7 29. b5 axb5 30. Bxb5 Nb8 31. a5 h5 32. Bf4 Na6 33. Bd6 Kg7 34. Kf2 f6 35. Ke3 e5 36. Bd7 g5 37. Kd3 g4 38. fxg4 hxg4 39. Bxg4 Bc6 40. Be6 Kg6 41. Bc4 Bb7 42. Bd5 Bc8 43. Be6 $2 ({White must play} 43. Kc4 $18 f5 44. Bxe5) 43... Kg7 $2 {[%mdl 8192] [#]} (43... Bxe6 $15 44. h4 Kf7) 44. Bc4 (44. Bxc8 $142 Kf7 45. Bxa6 Ke6 46. Bb8 Kd7 47. Bb7 Ke7 48. a6 Ke6 49. a7) 44... Kg6 45. Bd5 Bb7 46. Kc4 (46. Bxb7 $142 f5 47. Bxa6 Kh5 48. exf5 Kh6 49. Bc4 Kg5 50. a6 Kg4 51. a7) 46... Bc8 {Precision: White = 60%, Black = 22%.} 1-0

[Event "3rd Mersin Open 2018"]
[Site "Mersin"]
[Date "2018.09.09"]
[Round "1.5"]
[White "Guven, Oguz Kagan"]
[Black "Khodashenas, Mersad"]
[Result "0-1"]
[WhiteElo "2022"]
[BlackElo "2452"]
[Annotator "TA"]
[PlyCount "156"]
[EventDate "2018.09.09"]
[EventType "swiss"]
[EventCountry "TUR"]
[SourceTitle "playchess.com"]
[Source "ChessBase"]
[SourceQuality "1"]

{[%evp 20,156,50,2,12,1,28,10,41,32,29,18,34,-6,29,29,2,-22,-13,-12,10,0,0,0,8,4,23,35,13,4,7,0,0,0,0,-6,-13,-19,-22,-60,-33,-33,-33,-71,-33,-50,-52,-110,-109,-113,-113,-113,-103,-104,-106,-110,-92,-102,-73,-83,-70,-70,-76,-58,-61,-50,-52,-93,-77,-75,-76,-118,-104,-1128,-1136,-1281,-1075,-1756,-1881,-5073,-5069,-5061,-5057,-5019,-2278,-2030,-417,-428,-431,-427,-344,-392,-6,-6,-6,-6,-6,-6,-6,-6,-6,-6,-6,-6,-6,-6,-6,-6,-6,-6,-6,-8,-8,-8,-68,-13,-13,-205,-206,-206,-206,-197,-143,-183,-180,-198,0,0,0,0,0,0,0,0,0,-29984,-29985,-29985,0]} 1. e4 c6 2. d4 g6 3. Nc3 d5 4. h3 Bg7 5. Nf3 Nf6 6. e5 Ne4 7. Nxe4 dxe4 8. Ng5 c5 9. d5 Bxe5 {B15: Caro-Kann: 3 Nc3: 3...g6 and 3...dxe4 4 Nxe4 Nf6 5 Nxf6+ exf6} 10. Nxe4 Bf5 11. c3 {LiveBook: 3 Games} (11. Ng3 {seems wilder.} e6 12. Bb5+ Nd7 13. O-O O-O 14. Re1) 11... Bxe4 {The position is equal.} 12. Qa4+ Nd7 {[%cal Bb8d7,Bd7b6,Bb6c4,Bc4d6,Bd6b5,Bb5c3][%mdl 32]} 13. Qxe4 Qc7 $146 ({Predecessor:} 13... Qa5 14. Bd2 O-O 15. Be2 Rad8 16. h4 Bg7 17. h5 {1-0 (45) Pavasovic,D (2505)-Claesen,P (2430) Lippstadt 1998}) 14. Bc4 O-O-O 15. O-O Nb6 16. f4 Bd4+ 17. cxd4 Nxc4 18. b3 Nd6 19. Qf3 cxd4 20. Bb2 Qb6 21. Rfd1 Nb5 22. Kh1 Rhe8 23. a4 Nc3 24. Bxc3 dxc3 25. Qxc3+ Kb8 26. a5 Qf6 27. Qxf6 exf6 $11 {[%mdl 4096] Endgame KRR-KRR} 28. Rd4 f5 29. Kg1 Re3 30. b4 Re4 31. Rad1 Kc7 32. d6+ Kd7 33. Kf2 ({Better is} 33. Rxe4 $15 fxe4 34. Rd5) 33... Rde8 $17 34. Kf3 Re3+ 35. Kf2 Re2+ 36. Kg3 R8e3+ 37. Kh2 {[#] Hoping for Rc4.} Rc2 38. Rd5 a6 39. Re5 Ree2 40. Rxe2 Rxe2 $15 {KR-KR} 41. Rb1 Kc6 42. Rd1 {aiming for d7.} Re8 43. Kg3 Rd8 44. Rc1+ Kxd6 45. Rd1+ Ke7 46. Rxd8 $4 {[%mdl 8192]} (46. Rc1 $17) 46... Kxd8 $17 {KP-KP} 47. Kf3 Kc7 48. Ke3 b6 49. axb6+ Kxb6 50. Kd4 Kb5 51. Kc3 Ka4 52. Kc4 Ka3 (52... h6 $142 53. h4 h5) 53. Kc3 $19 f6 54. g3 g5 55. h4 gxf4 $2 (55... g4 $19 {...h5 is the strong threat.} 56. h5 h6) 56. gxf4 $11 h5 (56... Ka4 $5 57. h5 $8 h6 $11) 57. Kc4 Kb2 58. Kd5 $1 {[%cal Rd5e6]} Kb3 59. Ke6 Kxb4 60. Kxf5 a5 61. Kxf6 {KPP-KPP} a4 62. Ke7 a3 {Strongly threatening ...a2.} 63. f5 a2 64. f6 a1=Q 65. f7 Qe1+ 66. Kd7 Qf2 67. Ke8 Qe3+ ({Don't take} 67... Qxh4 68. f8=Q+ Ka4 69. Qf3 $17) 68. Kd7 $2 (68. Kd8 $1 $11 {and White has nothing to worry.}) 68... Qf4 69. Ke8 Qe4+ ({Don't do} 69... Qxh4 70. f8=Q+ Ka4 71. Qf3 $17) 70. Kd7 Qf5+ (70... Qa8 $19 71. Ke7 Qe4+ 72. Kd8 Qxh4+ 73. Ke8 Qe4+ 74. Kd7 Qf5+ 75. Ke8 Qxf7+ 76. Kxf7 h4 77. Kg6 h3 78. Kh5 h2 79. Kg5 h1=Q 80. Kf6 Qh5 81. Ke7 Kc5 82. Ke6 Kc6 83. Kf6 Kd7 84. Kg7 Ke6 85. Kg8 Kf6 86. Kf8 Qh8#) 71. Ke8 Qe6+ 72. Kf8 Kc5 $2 ({Black should play} 72... Qe4 $19 73. Kg7 Qg4+ 74. Kh6 Qf5) 73. Kg7 Qe7 (73... Qg4+ {looks sharper.} 74. Kh8 Qc8+ 75. Kg7 Qb7 76. Kg8 Qb3) 74. Kg8 Kd5 (74... Qxh4 75. f8=Q+ Kc4 76. Qf1+ Kc3 77. Qc1+ Kd3 78. Qd1+ Kc3 79. Qc1+ Kd3 80. Qb1+ Ke2 81. Qc2+ Kf1 82. Qd1+ Kf2 83. Qd2+ Kf1 84. Qd1+ Qe1 85. Qxh5) 75. f8=Q Qxf8+ 76. Kxf8 Ke6 {( -> ...Kf5)} (76... Ke4 $5 77. Ke7 $8 Kf3 $11) 77. Ke8 $2 {[%mdl 8192] [#]} (77. Kg7 $11) 77... Kf5 78. Kd7 Ke4 $2 {[%mdl 32768] Precision: White = 51%, Black = 62%. . Sensor Board Error (Ke4/e5)?} (78... Kg4 {mates} 79. Ke6 Kxh4 80. Kf6 Kg3 81. Kg6 h4 82. Kg7 h3 83. Kf7 h2 84. Ke7 h1=Q 85. Kd6 Qc1 86. Kd7 Kf4 87. Kd6 Qc4 88. Ke7 Qc6 89. Kd8 Ke5 90. Ke7 Qc7+ 91. Ke8 Kf6 92. Kf8 Qf7#) 0-1

[Event "3rd Mersin Open 2018"]
[Site "Mersin"]
[Date "2018.09.09"]
[Round "1.6"]
[White "Shishkin, Vadim"]
[Black "Ozalp, Burak"]
[Result "1-0"]
[WhiteElo "2443"]
[BlackElo "1986"]
[Annotator "TA"]
[PlyCount "81"]
[EventDate "2018.09.09"]
[EventType "swiss"]
[EventCountry "TUR"]
[SourceTitle "playchess.com"]
[Source "ChessBase"]
[SourceQuality "1"]

{[%evp 22,81,56,66,90,78,75,83,85,67,85,48,88,93,72,71,131,112,221,120,174,159,297,304,290,300,279,273,291,275,326,247,789,794,1967,1954,1939,1588,1504,1028,968,763,760,752,808,789,989,589,1875,1732,29981,29982,29980,29982,29986,29984,29983,29985,29985,29986,29986,29987]} 1. d4 g6 2. c4 Bg7 3. Nc3 Nf6 4. e4 d6 5. Be2 O-O 6. Be3 e5 7. d5 Na6 8. g4 {E73: Königsindisch (Awerbach-Angriff)} Nc5 9. Bf3 a5 10. h4 {[%cal Bh2h4,Bh4h5][%mdl 32]} Bd7 11. g5 Ne8 12. h5 {LiveBook: 6 Partien} c6 13. Qd2 {[#]} a4 $146 ({Vorgänger:} 13... cxd5 14. Nxd5 Rc8 15. Kf1 f5 {0-1 (33) Livaic,L (2446)-Kovalev,V (2598) Budapest 2017}) 14. dxc6 Bxc6 15. Rd1 {Droht Lxc5 und aus.} Qa5 16. Nd5 {Und weiter mit Dxa5 wäre nett.} Nd3+ {[#]} 17. Kf1 $1 Bxd5 18. cxd5 Nf4 (18... Qxd2 $142 19. Rxd2 Nc1) 19. Ne2 Qb5 (19... Qxd2 $16 20. Rxd2 (20. Bxd2 Nxh5 21. Bxh5 gxh5 $16) 20... f5) 20. Kg1 (20. Bxf4 $18 exf4 21. Qxf4) 20... Rc8 (20... Nxh5 $16 21. Bxh5 gxh5) 21. hxg6 $18 fxg6 (21... hxg6 $16 22. Bxf4 exf4) 22. Bxf4 ({Weniger gut wäre} 22. Nxf4 exf4 23. Bd4 (23. Bxf4 Qxb2 24. Qxb2 Bxb2 $11) 23... Bxd4 $14) 22... exf4 {[#]} 23. Bg4 $1 {[%cal Rg4e6]} ({Nicht} 23. Nxf4 Be5 $14) 23... Nc7 24. Bxc8 Rxc8 25. Nxf4 Re8 26. Qe3 Qxb2 $2 (26... Qd7) 27. Qh3 Rxe4 28. Qxh7+ Kf8 29. Nxg6+ Ke8 30. Qg8+ Kd7 31. Rh4 Rxh4 32. Nxh4 Qe5 33. Qf7+ Kd8 34. Nf3 Qc3 35. Re1 Be5 {[#]} 36. Rxe5 $1 {Weiß setzt Matt.} dxe5 37. d6 b5 38. Qxc7+ Qxc7 39. dxc7+ Kxc7 40. g6 {[%cal Bg5g6,Bg6g7][%mdl 32]} b4 41. g7 {Precision: Weiß = 76%, Schwarz = 25%.} 1-0

[Event "3rd Mersin Open 2018"]
[Site "Mersin"]
[Date "2018.09.09"]
[Round "1.7"]
[White "Soyunlu, Narmin"]
[Black "Odeev, Handszar"]
[Result "0-1"]
[WhiteElo "2051"]
[BlackElo "2410"]
[Annotator "TA"]
[PlyCount "104"]
[EventDate "2018.09.09"]
[EventType "swiss"]
[EventCountry "TUR"]
[SourceTitle "playchess.com"]
[Source "ChessBase"]
[SourceQuality "1"]

{[%evp 18,104,62,46,67,50,61,0,0,0,64,62,51,52,72,35,19,32,61,60,62,48,71,64,69,67,77,85,85,77,85,68,79,80,75,70,72,69,84,60,98,10,18,0,138,134,239,193,193,82,80,103,94,0,0,0,0,4,105,0,21,-190,0,-166,-167,-166,-160,-236,-237,-364,0,0,0,-331,-6,-12,-11,-16,-16,-366,-363,-292,-268,-277,-264,-668,-658,-682,-661]} 1. g3 g6 2. Bg2 Bg7 3. c4 d6 4. Nc3 Nd7 5. e4 (5. d3 c6 6. e4 Ngf6 7. Nge2 O-O 8. O-O Rb8 9. Be3 a6 10. a4 Ng4 11. Bd2 b5 12. axb5 axb5 13. cxb5 cxb5 14. d4 Nb6 15. b3 Bd7 16. h3 {0-1 (89) Molchanov,A (2303)-Bortnyk,O (2600) Omelnyk 2017}) 5... Ngf6 6. d3 {A10: English Opening: Unusual Replies for Black} O-O 7. Nge2 a6 8. O-O Rb8 9. a4 c6 10. h3 {LiveBook: 3 Games} Ne8 11. Be3 Nc7 12. Ba7 (12. a5 $14) 12... Ra8 $11 13. Be3 $146 ({Predecessor:} 13. Bd4 Bh6 14. f4 c5 15. Be3 Rb8 {0-1 (65) Vo,T-Nguyen,H Vung Tau 2004}) 13... c5 (13... Rb8 $11) 14. d4 Rb8 15. dxc5 Nxc5 16. Bd4 Bxd4 17. Nxd4 N7e6 {Threatening ...Nxd4.} 18. Nde2 Nd7 19. Kh2 Nf6 20. Nd5 Nxd5 21. cxd5 Nc5 22. b4 Nd7 23. a5 Nf6 24. Nd4 Re8 25. f4 $36 {[%mdl 2048] White is on the roll.} e6 26. dxe6 Bxe6 27. Nxe6 Rxe6 {[#]} 28. e5 $1 {[%mdl 512]} Ne8 (28... dxe5 29. Qxd8+) 29. Qb3 (29. Bd5 $16) 29... dxe5 30. Bd5 Re7 (30... Rd6 $1 $11 {remains equal.} 31. Bxf7+ Kh8) 31. fxe5 $16 {[%cal Rf1f7]} Qc7 (31... Kg7 $16 {was necessary.}) 32. Rac1 Qxe5 33. Bxf7+ ({Not} 33. Rxf7 Rxf7 34. Bxf7+ Kg7 $11) (33. Rce1 $1 $18 {[%cal Re1e5]} Qxe1 34. Rxe1 (34. Bxf7+ Kg7 $18) 34... Rxe1 35. Bxf7+ Kg7 36. Qc3+ Kxf7 37. Qxe1) 33... Kg7 34. Rce1 Qd6 35. Be6 (35. Bd5 $16 Rxe1 36. Rxe1) 35... Qd2+ $11 36. Kh1 {Hoping for Qf3.} Nf6 $1 37. Rd1 Qg5 (37... Qe2 $11 38. Rfe1 Qb5) 38. Rfe1 (38. Qc3 $16 Rf8 39. Rd5) 38... Rbe8 {White should prevent ...Nh5.} 39. Rd3 $2 {[#]} (39. h4 $11 Qh6 40. Re5) 39... Nh5 $2 ({Black should play} 39... Rxe6 $1 $19 {[%mdl 512]} 40. Rxe6 (40. Qxe6 Rxe6) 40... Rxe6 41. Qxe6 Qc1+ 42. Kh2 Qc2+ 43. Kh1 Qxd3 44. Qe7+ Kh6 45. Qxf6 Qxg3 46. Qf8+ Kh5 47. Qc5+ Kh4 48. Qe7+ Kxh3 49. Qe6+ Qg4 50. Qe3+ Kh4 51. Qe1+ Kh5 52. Qe5+ Qg5 53. Qe2+ Kh6) 40. Qc3+ $2 (40. Kh2 $11 {and White stays safe.}) 40... Qf6 $19 41. Qxf6+ Nxf6 42. Rde3 {[#]} (42. Rd6 $17) 42... Nd5 $1 {[%cal Rd5e3][%mdl 512]} 43. Re4 {[#]} (43. Bxd5 $142 Rxe3 44. Rxe3 Rxe3 45. Kg2) 43... Nf6 $2 ({Black should try} 43... Nc3 $1 $19 {[%cal Rc3e4]} 44. R4e3 Nb5) 44. R4e2 {[#]} Nd5 $1 {[%mdl 8704]} 45. Re4 {[#]} (45. Bxd5 Rxe2) 45... Nc7 $2 ({Better is} 45... Nc3 $1 $19 {[%cal Rc3e4]} 46. Rc4 Nb5) 46. Bf5 $1 $11 Rxe4 47. Bxe4 {[#]} Nd5 $1 {[%mdl 512] And now ...Nf6 would win.} 48. Bxd5 $4 {[%mdl 8192]} (48. Rd1 $1 $11 {and White has nothing to worry.} Rxe4 49. Rxd5) 48... Rxe1+ {KR-KB} 49. Kg2 Re7 50. Kf3 Kf6 {Strongly threatening ...Ke5.} 51. Kf4 $2 (51. Be4) 51... g5+ $19 52. Kg4 Rd7 {Precision: White = 35%, Black = 41%.} 0-1

[Event "3rd Mersin Open 2018"]
[Site "Mersin"]
[Date "2018.09.09"]
[Round "1.8"]
[White "Bagaturov, Giorgi"]
[Black "Buker, Muhittin"]
[Result "1-0"]
[WhiteElo "2396"]
[BlackElo "1959"]
[Annotator "ChessBase"]
[PlyCount "104"]
[EventDate "2018.09.09"]
[EventType "swiss"]
[EventCountry "TUR"]
[SourceTitle "playchess.com"]
[Source "ChessBase"]
[SourceQuality "1"]
[TimeControl "5400+30"]

1. d4 Nf6 2. Nf3 d5 3. c4 e6 4. Nc3 Be7 5. Bf4 O-O 6. e3 a6 7. Rc1 Nbd7 8. c5 Nh5 9. Bd3 c6 10. Qc2 f5 11. Be5 Nxe5 12. Nxe5 Nf6 13. O-O Bd7 14. f3 Be8 15. Ne2 Nd7 16. Nf4 Nxe5 17. dxe5 Qd7 18. Ne2 Qc7 19. f4 b5 20. Nd4 Bd7 21. b4 Qc8 22. a4 Qc7 23. Ra1 Rfb8 24. Ra2 a5 25. axb5 cxb5 26. Rfa1 a4 27. c6 Bc8 28. Rb1 Qa7 29. Qe2 Rb6 30. Bxb5 a3 31. Rb3 Qb8 32. Qd3 Kf7 33. h3 g6 34. g4 Ra7 35. Kh2 Ra8 36. Rb1 Ra7 37. Kg3 Ra8 38. gxf5 exf5 39. h4 Be6 40. Kh3 Qf8 41. Nxe6 Kxe6 42. Bc4 Kf7 43. Bxd5+ Kg7 44. Rxa3 Rxa3 45. Qxa3 Qb8 46. Qc3 Bd8 47. b5 Qc7 48. Bc4 Qe7 49. Be2 Qxh4+ 50. Kg2 Qe7 51. Rd1 Kh6 52. e6 Qf8 1-0

[Event "3rd Mersin Open 2018"]
[Site "Mersin"]
[Date "2018.09.09"]
[Round "1.9"]
[White "Kizilkus, Akin"]
[Black "Koksal, Ege"]
[Result "0-1"]
[WhiteElo "1980"]
[BlackElo "2367"]
[Annotator "NA"]
[PlyCount "74"]
[EventDate "2018.09.09"]
[EventType "swiss"]
[EventCountry "TUR"]
[SourceTitle "playchess.com"]
[Source "ChessBase"]
[SourceQuality "1"]
[TimeControl "5400+30"]

1. d4 Nf6 2. c4 e6 3. Nf3 b6 4. a3 Bb7 5. Nc3 d5 6. cxd5 Nxd5 7. e3 g6 8. Bb5+ c6 9. Bd3 Bg7 10. O-O O-O 11. e4 Nxc3 12. bxc3 c5 13. Bg5 Qd6 14. e5 Qc7 15. Qe2 Nc6 16. Rad1 Na5 17. Be4 cxd4 18. cxd4 Rac8 19. Nd2 Nc6 20. Nf3 Ne7 21. Bxb7 Qxb7 22. Rd3 h6 23. Bd2 Rc2 24. Rc1 Rfc8 25. Rxc2 Rxc2 26. Rc3 Rxc3 27. Bxc3 Nd5 28. Bb2 Bf8 29. Qd3 b5 30. g3 a5 31. Nd2 b4 32. Qb3 Qc6 33. axb4 Bxb4 34. Nc4 a4 35. Qd3 Qa6 36. Qc2 a3 37. Ba1 Bc3 0-1